Statistics for U.S. States With the Most Cities of 250,000

Click here to take the quiz!

General Stats

  • This quiz has been taken 70 times
  • The average score is 16 of 19

Answer Stats

# of CitiesState% Correct
15California
100%
11Texas
100%
5Florida
100%
2New York
97%
2Pennsylvania
97%
4Ohio
93%
3Colorado
92%
7Arizona
92%
4North Carolina
90%
2Indiana
85%
2Tennessee
85%
2Minnesota
85%
2Missouri
82%
4Nevada
80%
2Kentucky
77%
2Wisconsin
75%
2New Jersey
75%
2Oklahoma
74%
2Nebraska
66%

Score Distribution

Percentile by Number Answered

Percent of People with Each Score

Your Score History

You have not taken this quiz